000 00626nam a2200241 i 4500
001 C2-0282076
003 PPAK
005 20180728012522.0
008 070927s1992 nyu |||| ||||| | eng d
020 _a0590341863
040 _aPPAK
_beng
_cPPAK
_erda
082 0 4 _a823
_223
090 0 0 _a823
_bMYE
_dLCK
100 1 _aMyers, Walter Dean,
_eauthor
245 1 0 _aSomewhere in the darkness
264 1 _aNew York :
_bScholastic ,
_c1992
300 _a168 pages ;
_c19 cm
336 _2rdacontent
_atext
337 _2rdamedia
_aunmediated
338 _2rdacarrier
_avolume
650 1 0 _aEnglish fiction
942 _ddc
_cB
999 _c88365
_d88365